000 01193nam2a22002531 4500
001 RU\NLR\INFOCOMM16\1000097205
005 20250617120550.0
035 _a(NLR Aleph) 002589393
090 _a3347386
_c3347386
100 _a20040528d1899 |||y0rusy50 ca
101 0 _arus
102 _aRU
105 _ay |||||||||
200 0 _a№4
210 _d1899
_aБ. м.
421 0 _12001#$aВоенная наука и степень точности ее выводов$fМихневич Н.П.
_1700#1$aМихневич$bН.П.
_1210##$a[Спб.]$d1899
_1309##$a(Припл.)
_tВоенная наука и степень точности ее выводов
_aМихневич, Н.П.
461 0 _1001RU\NLR\INFOCOMM16\1000097201
_12001#$aВестник Общества ревнителей военных знаний$v№4
_93347357
_aОбщество ревнителей военных знаний (Петербург)
_cСПб.
_d1899-1914
_tВестник Общества ревнителей военных знаний
_v№4
801 1 _aRU
_bInfoComm
_c20040528
801 0 _aRU
_bNLR
_gPSBO
852 _aNLR
_j3/471н.
942 _cISSUE
980 _aNB
980 _aRUSPER